Online
Catalog

Los premios nobel 1901-2016 : (Record no. 46189)

MARC details
000 -CABECERA
campo de control de longitud fija 01118nam a2200205 a 4500
001 - NÚMERO DE CONTROL
campo de control 000046700
005 - FECHA Y HORA DE LA ÚLTIMA TRANSACCIÓN
campo de control 20240226135628.0
008 - DATOS DE LONGITUD FIJA--INFORMACIÓN GENERAL
campo de control de longitud fija 180319s2017 dr a 000 0 spa d
020 ## - NÚMERO INTERNACIONAL ESTÁNDAR DEL LIBRO
Número Internacional Estándar del Libro 9789945894653
040 ## - FUENTE DE LA CATALOGACIÓN
Centro catalogador/agencia de origen DO-SdBNP
Lengua de catalogación spa
Centro/agencia transcriptor BNPHU
082 ## - NÚMERO DE LA CLASIFICACIÓN DECIMAL DEWEY
Número de clasificación xxx
Número de documento/Ítem K65p
100 1# - ENTRADA PRINCIPAL--NOMBRE DE PERSONA
Nombre de persona Klinger Pevida, Eduardo
9 (RLIN) 2240
245 14 - MENCIÓN DE TÍTULO
Título Los premios nobel 1901-2016 :
Resto del título los laureados, aportes premiados e impactos socioeconómicos /
Mención de responsabilidad, etc. Eduardo Klinger Pevida ; prólogo Luis Scheker Ortiz.
260 ## - PUBLICACIÓN, DISTRIBUCIÓN, ETC.
Lugar de publicación, distribución, etc. Santo Domingo :
Nombre del editor, distribuidor, etc. Academia de Ciencias de la República Dominicana :
-- Ministerio de Educacion Superior, Ciencia y Tecnologia (MESCYT),
Fecha de publicación, distribución, etc. 2017.
300 ## - DESCRIPCIÓN FÍSICA
Extensión 955 p. :
Otras características físicas il., retrs ;
Dimensiones 23 cm.
500 ## - NOTA GENERAL
Nota general Incluye datos del autor en la solapa de la contracubierta.
505 0# - NOTA DE CONTENIDO CON FORMATO
Nota de contenido con formato Premios nobel de física
Título Premios nobel de química
-- Premios nobel de fisiología y medicina
-- Premios nobel de literatura
-- Premios nobel de la paz
-- Los Premios nobel de economía 1968-1999
-- Los Premios nobel de América Latina y el Caribe
-- Las mujeres y el premio Nobel
590 ## - NOTA LOCAL (RLIN)
Nota local Inventariado, 2018 /LP
700 1# - PUNTO DE ACCESO ADICIONAL--NOMBRE DE PERSONA
Nombre de persona Scheker, Ortiz Luis,
Término indicativo de función/relación pról.
9 (RLIN) 9515
Holdings
Estado de retiro Estado de pérdida Restricciones de uso No para préstamo Código de colección Localización permanente Ubicación/localización actual Ubicación en estantería Fecha de adquisición Número de inventario Total de préstamos Signatura topográfica completa Código de barras Fecha visto por última vez Número de copia Precio válido a partir de Tipo de ítem Koha
        Dominicana de Servicio General General Depósito 19.03.2018 LF1   xxx K65p 46700-30 25.06.2020 e. 3 25.06.2020 Libro y Folleto Colección Dominicana de Servicio
        Dominicana de Servicio General General Depósito 19.03.2018 LF1   xxx K65p 46700-40 25.06.2020 e. 4 25.06.2020 Libro y Folleto Colección Dominicana de Servicio
        Dominicana de Servicio General General Depósito 19.03.2018 LF1   xxx K65p 46700-50 25.06.2020 e. 5 25.06.2020 Libro y Folleto Colección Dominicana de Servicio
      Excluido de préstamo Patrimonio Dominicano Patrimonio Dominicano Patrimonio Dominicano Depósito 19.03.2018 LF1   xxx K65p 46700-10 25.06.2020   25.06.2020 Libro y Folleto Colección Patrimonio Dominicano
      Excluido de préstamo Patrimonio Dominicano Patrimonio Dominicano Patrimonio Dominicano Depósito 19.03.2018 LF1   xxx K65p 46700-20 25.06.2020 e. 2 25.06.2020 Libro y Folleto Colección Patrimonio Dominicano

Powered by Koha